LEADER 01148nam a22002891i 4500 001 991000754389707536 005 20040129154441.0 008 040220s1967 it |||||||||||||||||ita 035 $ab12665459-39ule_inst 035 $aARCHE-066379$9ExL 040 $aDip.to Scienze pedagogiche$bita$cA.t.i. Arché s.c.r.l. Pandora Sicilia s.r.l. 082 04$a150.1 100 1 $aRussell, Bertrand$07043 245 10$aAnalisi della mente /$cBertrand Russell ; traduzione di Bona Della Volpe Longo ; prefazione di Ernesto Lama 260 $aFirenze :$bGiunti,$c1967 300 $aXI, 281 p. ;$c21 cm 440 0$aCollezione psicologica 650 4$aPsicologia 700 1 $aDella Volpe Longo, Bona 700 1 $aLama, Ernesto 907 $a.b12665459$b02-04-14$c17-03-04 912 $a991000754389707536 945 $aLE022 MP 75 C 26$g1$i2022000082921$lle022$o-$pE0.00$q-$rl$s- $t0$u1$v0$w1$x0$y.i13173133$z17-03-04 945 $aLE022 MP 129 B 26$g2$i2022000197199$lle022$o-$pE0.00$q-$rl$s- $t0$u1$v0$w1$x0$y.i13173145$z17-03-04 996 $aAnalisi della mente$977362 997 $aUNISALENTO 998 $ale022$b17-03-04$cm$da $e-$fita$git $h0$i2 LEADER 03317nam 22008175 450 001 9910483848903321 005 20251202145042.0 010 $a3-319-21605-8 024 7 $a10.1007/978-3-319-21605-8 035 $a(CKB)3710000000449533 035 $a(EBL)3567779 035 $a(SSID)ssj0001534592 035 $a(PQKBManifestationID)11892910 035 $a(PQKBTitleCode)TC0001534592 035 $a(PQKBWorkID)11494173 035 $a(PQKB)10557258 035 $a(DE-He213)978-3-319-21605-8 035 $a(MiAaPQ)EBC3567779 035 $a(PPN)187686920 035 $a(EXLCZ)993710000000449533 100 $a20150716d2015 u| 0 101 0 $aeng 135 $aur|n|---||||| 181 $ctxt 182 $cc 183 $acr 200 10$aAltruism, Welfare and the Law /$fby Charles Foster, Jonathan Herring 205 $a1st ed. 2015. 210 1$aCham :$cSpringer International Publishing :$cImprint: Springer,$d2015. 215 $a1 online resource (89 p.) 225 1 $aSpringerBriefs in Law,$x2192-8568 300 $aDescription based upon print version of record. 311 08$a3-319-21604-X 320 $aIncludes bibliographical references at the end of each chapters. 327 $a1. Introduction -- 2. Altruism and Community: A Biological and Philosophical History -- 3. Rethinking the Welfare and Best Interest Principles -- 4. What Do the Courts Do? -- 5. Putting it Into Practice. 330 $aThis book is an assault on the notion that it is empirically accurate and legally and philosophically satisfactory to see humans as atomistic entities. It contends that our welfare is inextricably entangled with that of others, and accordingly law and ethics, in determining our best interests, should recognise the central importance of relationality, the performance of obligations, and (even apparently injurious) altruism. 410 0$aSpringerBriefs in Law,$x2192-8568 606 $aLaw$xPhilosophy 606 $aLaw$xHistory 606 $aEthics 606 $aConflict of laws 606 $aConflict of laws 606 $aInternational law 606 $aComparative law 606 $aPsychology 606 $aTheories of Law, Philosophy of Law, Legal History 606 $aMoral Philosophy and Applied Ethics 606 $aPrivate International Law, International and Foreign Law, Comparative Law 606 $aBehavioral Sciences and Psychology 615 0$aLaw$xPhilosophy. 615 0$aLaw$xHistory. 615 0$aEthics. 615 0$aConflict of laws. 615 0$aConflict of laws. 615 0$aInternational law. 615 0$aComparative law. 615 0$aPsychology. 615 14$aTheories of Law, Philosophy of Law, Legal History. 615 24$aMoral Philosophy and Applied Ethics. 615 24$aPrivate International Law, International and Foreign Law, Comparative Law. 615 24$aBehavioral Sciences and Psychology. 676 $a171.8 700 $aFoster$b Charles$4aut$4http://id.loc.gov/vocabulary/relators/aut$0222517 702 $aHerring$b Jonathan$4aut$4http://id.loc.gov/vocabulary/relators/aut 801 0$bMiAaPQ 801 1$bMiAaPQ 801 2$bMiAaPQ 906 $aBOOK 912 $a9910483848903321 996 $aAltruism, Welfare and the Law$92844282 997 $aUNINA